| 000 | 00613nam a22002057a 4500 | ||
|---|---|---|---|
| 005 | 20241211100647.0 | ||
| 010 | _aENG-142933 | ||
| 020 |
_a9789389080230 _c70.00 |
||
| 020 | _a8174785957 | ||
| 035 | _aEN-126465 | ||
| 037 | _bDBAD | ||
| 082 |
_a881 _21 |
||
| 100 |
_aAhila _974925 |
||
| 245 |
_aI Named The Village _cby Ahila |
||
| 250 | _a1 | ||
| 260 |
_aChennai _bOlivannan Gopalkrishnan Emerald Publishers _c2019 |
||
| 270 |
_a15A, First Floor, Casa Major Road, Egmore _bChennai _e600008 _k+91-44-28183206 _k+91-44-42146994 |
||
| 300 |
_a41p. _c21cm(pb) |
||
| 942 |
_2ddc _cEN _h881 _mAHI _e1 |
||
| 999 |
_c207543 _d207543 |
||